000 00491nam a22001937a 4500
003 LK-CoMWRAF
005 20231022113227.0
008 231022b |||||||| |||| 00| 0 eng d
040 _aLK-CoMWRAF
_dLK-CoMWRAF
_eLK-CoMWRAF
041 _aeng
082 _a297.122
_bMAU
100 _aMaududi, S. Abdul A'LA
245 _aThe Meaning of the Qur'an
260 _aLahore :
_bIslamic publications Ltd,
_c1982
300 _a292p
490 _aVolume x-xii
650 _aQur'an
942 _cBK
999 _c3975
_d3975